| 000 | 00889cam a2200205 i 4500 | ||
|---|---|---|---|
| 005 | 20251221084809.0 | ||
| 008 | 250721s2007 jo gr 000 0 ara d | ||
| 082 | 1 | 4 |
_a217.8 _bش ح ر |
| 100 | 1 |
_aشحرور، مراد محمد _eمؤلف. |
|
| 245 | 1 | 0 |
_aتكحيل العينين في الجمع بين الصلاتين : _bالمطر ، السفر ، المرض ، الحاجة / _cبقلم مراد محمد شحرور. |
| 250 | _aالطبعه لاولى. | ||
| 264 | 3 | 1 |
_aعمان : _bمراد محمد شحرور. _c2007. |
| 300 | _a193 صفحة. | ||
| 490 | 0 |
_aمسائل مهمة في فقه الأئمة ، أحكام الجمع ؛ _vرقم 15. |
|
| 650 | 1 | 7 | _aالفتاوى. |
| 650 | 1 | 7 | _aالأحكام الشرعية. |
| 830 | 0 | _aمسائل مهمة في فقه الأئمة ، أحكام الجمع. | |
| 942 |
_2ddc _cBK |
||
| 999 |
_c105497 _d105497 |
||